Better Call Saul Characters (with Actors) - Statistics

General Stats
  • This quiz has been taken 175 times
  • The average score is 20 of 46
Answer Stats
Hint Answer % Correct
Bob Odenkirk Jimmy McGill / Saul Goodman
100%
Giancarlo Esposito Gustavo "Gus" Fring
94%
Rhea Seehorn Kim Wexler
93%
Patrick Fabian Howard Hamlin
90%
Michael Mando Ignacio "Nacho" Varga
90%
Michael McKean Charles "Chuck" McGill
89%
Tony Dalton Eduardo "Lalo" Salamanca
89%
Mark Margolis Hector Salamanca
88%
Jonathan Banks Mike Ehrmantraut
81%
Raymond Cruz Tuco Salamanca
70%
Luis Moncada Marco Salamanca
67%
Daniel Moncada Leonel Salamanca
66%
Lavell Crawford Huell Babineaux
58%
Jeremiah Bitsui Victor
57%
Ray Campbell Tyrus Kitt
56%
Ed Begley Jr. Cliff Main
54%
Dennis Boutsikaris Rich Schweikart
49%
Steven Bauer Don Eladio
47%
Laura Fraser Lydia Rodarte-Quayle
47%
Tina Parker Francesca Liddy
46%
Kerry Condon Stacey Ehrmantraut
46%
Rex Linn Kevin Wachtell
43%
Javier Grajeda Juan Bolsa
40%
Cara Pifko Paige Novick
40%
Rainer Bock Werner Ziegler
39%
Max Arciniega Domingo Molina / Krazy-8
38%
Abigail Zoe Lewis &Juliet Donenfield & Faith Healey Kaylee
36%
John Christian Love Ernesto
29%
Julie Ann Emery Betsy Kettleman
26%
Jeremy Shamos Craig Kettleman
23%
Mark Proksch Daniel "Pryce" Wormald
23%
Jessie Ennis Erin Brill
23%
Juan Carlos Cantu Manuel Varga
23%
Carol Burnett Marion
23%
Omar Maskati Omar
20%
Jean Effron Irene Landry
17%
Ann Cusack Rebecca Bois
17%
Harrison Thomas Lyle
13%
Keiko Agena Viola Goto
12%
Josh Fadem Camera Guy
11%
Joe DeRosa Dr. Caldera / The Vet
11%
Julian Bonfiglio Sound Guy
11%
Eileen Fogarty Mrs. Nguyen
10%
Steven Ogg Sobchak
10%
Julie Pearl Suzanne Ericsen
10%
Hayley Holmes Make-Up Girl
8%
No matching quizzes found
Score Distribution
Percent of People with Each Score
Percentile by Number Answered
Your Score History
You have not taken this quiz